| 000 | 00955nam0a22002531 4500 | ||
|---|---|---|---|
| 001 | rc\4404509 | ||
| 005 | 20260409062733.0 | ||
| 021 |
_aRU _bРг6040 |
||
| 021 |
_aRU _b(61-38308) |
||
| 035 | _a(NLR Aleph) 008299874 | ||
| 090 |
_a8629220 _c8629220 |
||
| 100 | _a20130416d1961 |||y0rusy50 ca | ||
| 101 | 0 | _arus | |
| 102 | _aRU | ||
| 105 | _aa z ||||| | ||
| 200 | 1 |
_aДифференциальное реле давления типа ДРД-1 _eИнструкция по монтажу и эксплуатации _fСовет нар. хозяйства Рязан. адм.-экон. района. Завод тепловых приборов |
|
| 210 |
_aРязань _cБ. и. _d1961 |
||
| 215 | _a7 с., 2 л. черт. | ||
| 712 | 0 | 2 |
_aРязанский завод тепловых приборов _3RU\NLR\AUTH\8810211641 _9310409 |
| 801 | 0 |
_aRU _bNLR _gpsbo |
|
| 801 | 1 |
_aRU _bELAR _2rusmarc |
|
| 852 |
_aNLR _j61-4/8272 |
||
| 942 | _cBOOK | ||
| 980 | _aNB | ||